[Event "PRO League KO 2023"]
[Site "chess.com INT"]
[Date "2023.05.14"]
[Round "3.3"]
[White "Ju, Wenjun"]
[Black "Nakamura, Hi"]
[Result "0-1"]
[WhiteElo "2550"]
[BlackElo "2775"]
[PlyCount "110"]
[EventDate "2023.05.11"]
[WhiteTeam "Shanghai Tigers"]
[BlackTeam "Gotham Knights"]

1. d4 Nf6 2. c4 e6 3. Nc3 Bb4 4. e3 O-O 5. Bd3 c5 6. Nf3 d5 7. cxd5 exd5 8. dxc5 Nbd7 9. Bd2 Nxc5 10. Be2 Ne6 11. a3 Bc5 12. Nb5 a6 13. Nbd4 Nxd4 14. Nxd4 Bxd4 15. exd4 Qb6 $146 ({RR} 15... Ne4 16. O-O Qb6 17. Bb4 Re8 18. f3 Nd6 19. Bxd6 Qxd6 20. Qd2 Bf5 21. Rfe1 Rac8 22. Rac1 h6 23. g3 Kf8 24. Kf2 Rxc1 25. Rxc1 Rc8 26. Rxc8+ Bxc8 27. Qc2 Bd7 28. Qc5 Ke7 29. Ke3 Bc6 30. Bf1 {Arizmendi Martinez,J (2529)-Trepat Herranz,J (2351) La Massana 2015 ½-½ (65)}) 16. Bb4 Re8 17. O-O Bd7 18. Re1 Ne4 19. f3 a5 20. fxe4 axb4 21. exd5 Re4 22. Qd2 Rae8 23. Bf3 Rxe1+ 24. Rxe1 Rxe1+ 25. Qxe1 bxa3 26. bxa3 Qxd4+ 27. Kh1 Qc5 28. Qa1 Qe3 29. h3 Bxh3 30. Qb2 b6 31. Qb4 Bf5 32. d6 Bd7 33. Qh4 g5 34. Qh6 Qe1+ 35. Kh2 Qe5+ 36. Kh1 f6 37. Qh2 Qe1+ 38. Qg1 Qxg1+ 39. Kxg1 f5 40. Kf2 Kf7 41. Ke3 Ke6 42. Kd4 Kxd6 43. Be2 Be8 44. Bd3 Bg6 45. Be2 h5 46. Bb5 h4 47. Bf1 Be8 48. Bd3 Bd7 49. Be2 g4 50. Bf1 Bc6 51. Ke3 Ke5 52. Kf2 f4 53. Bc4 Kd4 54. Be6 g3+ 55. Kg1 Kc3 0-1

[Event "World op 33rd"]
[Site "Philadelphia"]
[Date "2005.07.03"]
[Round "6"]
[White "Kacheishvili, Giorgi"]
[Black "Nakamura, Hikaru"]
[Result "0-1"]
[WhiteElo "2597"]
[BlackElo "2657"]
[PlyCount "230"]
[EventDate "2005.06.??"]
[EventType "swiss"]
[EventRounds "9"]
[EventCountry "USA"]
[SourceTitle "EXT 2006"]
[Source "ChessBase"]
[SourceDate "2005.11.24"]
[SourceVersion "1"]
[SourceVersionDate "2005.11.24"]
[SourceQuality "1"]

1. d4 Nf6 2. c4 Nc6 3. Nf3 e6 4. Nc3 Bb4 5. Qc2 d6 6. a3 Bxc3+ 7. Qxc3 a5 8. b3 h6 9. g3 O-O 10. Bg2 Re8 11. O-O e5 12. dxe5 $146 ({RR} 12. d5 Ne7 13. Bb2 Ne4 14. Qc2 Nc5 15. b4 Bf5 16. Qd1 axb4 17. axb4 Rxa1 18. Bxa1 Na6 19. Nh4 Bd7 20. Qd2 Nf5 21. Nxf5 Bxf5 22. Rc1 Qe7 23. Qc3 b6 24. Bb2 Bc8 25. Ra1 Bb7 26. e4 Ra8 {Roselli Mailhe,B (2430)-Espinoza Palomino,W (2265) Mar del Plata 2012 1-0 (36)}) 12... dxe5 13. Bb2 Bg4 14. h3 Bh5 15. Qe3 Qe7 16. Rad1 Nd7 17. Nh4 Rad8 18. Nf5 Qf8 19. g4 Bg6 20. Ng3 Nd4 21. Bxb7 Nc5 22. Bd5 c6 23. Bg2 Bc2 24. Rc1 Bxb3 25. Bc3 Nc2 26. Qf3 e4 27. Qf5 Nd4 28. Qf4 Nce6 29. Qxe4 Qxa3 30. Ra1 Ba2 31. Qb1 Qxc3 32. Qxa2 Nf4 33. e3 Nxg2 34. Kxg2 Nc2 35. Qxa5 Qd2 36. Qxd2 Rxd2 37. Kf3 Nxa1 38. Rxa1 Rc2 39. Ra4 Re6 40. Ne4 c5 41. Ra5 Rxc4 42. Nxc5 Rf6+ 43. Kg3 Rd6 44. Kf3 Rd5 45. Nb3 Rxa5 46. Nxa5 Rc3 47. Nb7 Kf8 48. Nd6 Ke7 49. Nf5+ Kf6 50. Ng3 Rc2 51. h4 g6 52. g5+ hxg5 53. Ne4+ Kf5 54. Nxg5 Rc7 55. Kg3 Ra7 56. Kf3 Kf6 57. Ne4+ Kg7 58. Ng5 Kh6 59. Kg3 Kg7 60. Kh3 Ra4 61. Kg3 Ra7 62. Kg4 Rb7 63. Kf4 Kg8 64. Kg4 Kf8 65. Kf4 Ke7 66. Kg4 Rb4+ 67. Kg3 Kf6 68. Kh3 Rb7 69. Kg4 Ke5 70. Kf3 Kd5 71. Kg4 Ke5 72. Kf3 Ra7 73. Kg3 Kd5 74. Kg4 f5+ 75. Kg3 Ra4 76. f3 Ke5 77. Nh3 Ra3 78. Nf4 Kf6 79. Kf2 Kg7 80. Nd5 Kh6 81. Nf4 Ra6 82. Kg3 Ra2 83. Kh3 Ra3 84. Ng2 Kg7 85. Kg3 Kf6 86. Kf4 Rb3 87. Kg3 Kg7 88. Kh3 Kf7 89. Kg3 Ra3 90. Kf4 Ra2 91. Kg3 Re2 92. Kh3 Ke8 93. Kg3 Kd7 94. Kh3 Kd6 95. Kg3 Ke5 96. Kh3 Kf6 97. Kg3 Kf7 98. Kh3 Rf2 99. Kg3 Rf1 100. Nf4 Rh1 101. Ng2 Ke7 102. Nf4 Kf7 103. Ng2 Ra1 104. Nf4 Ra6 105. Ng2 Ke6 106. Kf4 Ra1 107. Kg3 Kd5 108. Nf4+ Kc4 109. Nxg6 Rg1+ 110. Kf4 Rxg6 111. h5 Rh6 112. Kg5 Rh8 113. h6 Kd3 114. Kxf5 Rxh6 115. f4 Ra6 0-1

[Event "Titled Tue 13th Dec Late"]
[Site "chess.com INT"]
[Date "2022.12.13"]
[Round "4"]
[White "Kozak, Adam"]
[Black "Nakamura, Hi"]
[Result "1/2-1/2"]
[WhiteElo "2549"]
[BlackElo "2768"]
[PlyCount "196"]
[EventDate "2022.12.13"]

1. d4 Nf6 2. c4 e6 3. Nc3 Bb4 4. e3 O-O 5. Bd3 c5 6. Nge2 d5 7. O-O dxc4 8. Bxc4 cxd4 9. exd4 h6 ({RR} 9... Bxc3 10. bxc3 Qc7 11. Bd3 b6 12. Bf4 Qd8 13. Bg5 Bb7 14. f3 Nbd7 15. Qd2 Re8 16. c4 Rc8 17. Rac1 Qe7 18. Kh1 h6 19. Bh4 Qd6 20. Bg3 Qa3 21. Rfe1 e5 22. d5 e4 23. fxe4 Nxe4 24. Bxe4 {Sjugirov,S (2663)-Martinez Alcantara,J (2620) Chess.com INT 2021 1-0 (31)}) ({RR} 9... b6 10. Bg5 Bb7 11. Ng3 Be7 12. Bd3 Nc6 13. Be3 Rc8 14. Rc1 Nd5 15. Bb1 g6 16. Bh6 Re8 17. Nge4 Nxc3 18. bxc3 Na5 19. Re1 Nc4 20. Qe2 Qd5 21. f3 Nd6 22. Bf4 Nxe4 23. fxe4 Qa5 24. Qe3 {Goncharov,V (2077)-Chan,K (2350) chess.com INT 2023 1-0 (35)}) 10. a3 Be7 11. Bf4 $146 ({RR} 11. Be3 Nbd7 12. Nf4 Nb6 13. Ba2 Bd7 14. Qd3 Bc6 15. Rad1 Re8 16. Bb1 Kf8 17. Qe2 Nbd5 18. Nfxd5 exd5 19. Qd2 Ng4 20. Bf4 Bg5 21. Bf5 Qf6 22. Bxg5 Qxf5 23. Bf4 Re6 24. f3 Nf6 25. Be5 Nd7 {Stavrianakis,I (2035)-Saastamoinen,A (2170) Rethymno 2003 ½-½ (32)}) 11... Nbd7 12. Bb3 Nb6 13. Qd3 Bd6 14. Bc2 Re8 15. Be5 Bxe5 16. dxe5 Qxd3 17. Bxd3 Nfd7 18. f4 Nc5 19. Bc2 Bd7 20. b4 Nca4 21. Nxa4 Bxa4 22. Be4 Bb5 23. Rfe1 Bxe2 24. Rxe2 Re7 25. Rc1 Rd8 26. Rec2 g5 27. fxg5 hxg5 28. Rc7 Rdd7 29. Rxd7 Rxd7 30. Kf2 Kg7 31. g3 Rd2+ 32. Kf3 Nd7 33. Kg4 Rd4 34. Kf3 Nxe5+ 35. Ke3 Rd7 36. Rc5 Kf6 37. a4 b6 38. Rc2 Ng4+ 39. Kf3 Rd4 40. a5 Ne5+ 41. Ke3 Rxb4 42. a6 Ng4+ 43. Kd3 Ne5+ 44. Ke3 Nd7 45. Rc7 Nc5 46. Bc6 Rb3+ 47. Kd4 Ra3 48. Be8 Rd3+ 49. Kc4 Rd8 50. Rxf7+ Ke5 51. Bb5 Rd4+ 52. Kc3 Ne4+ 53. Kb3 Nd6 54. Rxa7 Nxb5 55. Rb7 Rd6 56. Kb4 Nd4 57. a7 Nc6+ 58. Kb5 Nxa7+ 59. Rxa7 Rd2 60. h4 gxh4 61. gxh4 Rb2+ 62. Kc4 Ke4 63. Ra3 Rc2+ 64. Kb5 Rb2+ 65. Kc4 b5+ 66. Kc5 b4 67. Rh3 b3 68. h5 Rb1 69. Kb4 b2 70. Kb3 Rf1 71. Kxb2 Rf7 72. Kc3 Rd7 73. h6 Rh7 74. Kc4 e5 75. Kc3 Kf4 76. Kd2 Ke4 77. Ke2 Kf4 78. Rh4+ Kg5 79. Rh1 Rxh6 80. Rxh6 Kxh6 81. Kf3 Kg5 82. Ke4 Kf6 83. Ke3 Ke6 84. Kf3 Kf5 85. Ke3 e4 86. Ke2 Kf4 87. Kf2 Ke5 88. Ke3 Kd5 89. Ke2 Kd4 90. Kd2 e3+ 91. Ke2 Ke4 92. Ke1 Kf5 93. Ke2 Kf4 94. Ke1 Ke4 95. Ke2 Kd4 96. Ke1 Kd3 97. Kd1 e2+ 98. Ke1 Ke3 1/2-1/2

[Event "Titled Tue 20th Jun Early"]
[Site "chess.com INT"]
[Date "2023.06.20"]
[Round "5"]
[White "Kozak, Adam"]
[Black "Nakamura, Hi"]
[Result "1/2-1/2"]
[WhiteElo "2571"]
[BlackElo "2775"]
[PlyCount "40"]
[EventDate "2023.06.20"]

1. d4 Nf6 2. c4 e6 3. Nc3 Bb4 4. e3 O-O 5. Bd3 c5 6. Nge2 Nc6 7. O-O d6 8. a3 Bxc3 9. Nxc3 e5 10. dxe5 ({RR} 10. d5 Ne7 11. Qc2 h6 12. Bd2 Ne8 13. f4 exf4 14. exf4 f5 15. Nd1 Nf6 16. Ne3 Nh5 17. Bc3 Bd7 18. Rae1 Rb8 19. g3 a6 20. Ng2 Nf6 21. Nh4 b5 22. b3 bxc4 23. bxc4 Nh7 24. Ba5 Qxa5 {Pavlovic,M (2402)-Khassenov,M (2015) Bad Woerishofen GER 2025 1-0}) 10... dxe5 11. Qc2 Ne7 $146 ({RR} 11... h6 12. Rd1 Bd7 13. Nd5 Ne8 14. b4 b6 15. Bb2 f6 16. Rd2 Nc7 17. Be4 Rc8 18. Rad1 Nb8 19. bxc5 bxc5 20. Nc3 Qe7 21. Nd5 Qe8 22. Bg6 Qe6 23. Bf5 Qf7 24. Nxf6+ Qxf6 25. Bxd7 Rcd8 26. Ba4 {Sebestyen,B-Arlamowski,E Sopot 1951 1-0 (35)}) 12. Ne4 Nxe4 13. Bxe4 f5 14. Rd1 Qc7 15. Bd5+ Nxd5 16. cxd5 Qd6 17. b4 cxb4 18. axb4 Bd7 19. Qc5 Qxc5 20. bxc5 Bb5 1/2-1/2

[Event "London Classic 2nd"]
[Site "London"]
[Date "2010.12.09"]
[Round "2"]
[White "Kramnik, Vladimir"]
[Black "Nakamura, Hikaru"]
[Result "0-1"]
[WhiteElo "2791"]
[BlackElo "2741"]
[Annotator "Krasenkow,Michal"]
[PlyCount "108"]
[EventDate "2010.12.06"]
[EventType "tourn"]
[EventRounds "7"]
[EventCountry "ENG"]
[EventCategory "19"]
[SourceTitle "CBM 140"]
[Source "ChessBase"]
[SourceDate "2011.01.18"]
[SourceVersion "1"]
[SourceVersionDate "2011.01.18"]
[SourceQuality "1"]

1. Nf3 Nf6 2. c4 e6 3. Nc3 Bb4 4. g3 c5 5. Bg2 O-O 6. O-O d6 7. d4 {White plays d2-d4 now, instead of move 1, but it is still a well-known Nimzo-Indian position which arises.} Bxc3 {Alternatives:} (7... Nc6 8. d5 $1) (7... Nbd7) 8. bxc3 Qe7 {Here, too,} (8... Nc6 {is quite common.}) ({RR} 8... Nc6 9. Ba3 b6 10. Ne5 dxe5 11. Bxc6 Rb8 12. dxe5 Qc7 13. Qd6 Ne8 14. Qxc7 Nxc7 15. Bc1 Rd8 16. Bg5 f6 17. exf6 Rd6 18. Bg2 h6 19. Bf4 Rd7 20. fxg7 Rxg7 21. Rad1 Bb7 22. Bxb7 Rxb7 23. Rd8+ {Sala,G (2121)-Nikolic,R (2219) chess.com INT 2024 1-0 (58)}) 9. dxc5 {White often does without this exchange:} (9. Bg5 Nbd7 10. Qd3 h6 11. Bxf6 Nxf6 12. Rfd1 Bd7 13. dxc5 dxc5 14. Ne5 Ba4 15. Qd6 Rfe8 16. Rd2 Rac8 17. Rb1 b6 18. Rbb2 Qxd6 19. Rxd6 Red8 20. Rd3 Kf8 21. Rbd2 {1/2 Georgiev,K (2677)-Anand,V (2803)/Turin 2006/CBM 113}) (9. Qd3 Nc6 10. Rd1 h6 11. Ba3 Bd7 12. Nd2 Rac8 13. f4 b6 14. Nf1 e5 $6 (14... Na5 $5) 15. fxe5 dxe5 16. dxc5 bxc5 17. Ne3 $14 {1/2 Gupta,A (2495)-Kunte,A (2550)/Ooty 2008/CBM 123 Extra (29)}) (9. Nh4 $5 e5 10. d5 e4 11. f4 Re8 12. a4 Na6 13. h3 Nh5 14. Kh2 f5 15. e3 Nf6 16. Rf2 Kh8 17. Bf1 Rg8 18. Be2 $14 {1-0 Milov,V (2595)-Djuric,S (2488)/Genova 2003/CBM 095 ext (61)}) (9. Bf4 $5 Rd8 10. Qc2 Nc6 11. Rfd1 cxd4 (11... d5 12. Ne5 Bd7 13. Bg5 h6 14. Bxf6 Qxf6 15. cxd5 Nxe5 16. dxe5 Qxe5 17. dxe6 Bxe6 18. Bxb7 $16 {1/2 Stocek,J (2480)-Balashov,Y (2505)/Passau 1995/EXT 1999 (44)}) 12. cxd4 Bd7 13. Qb2 $14 {1/2 Moehring,G (2405)-Augustin,J (2445)/Stary Smokovec 1977/MCD (30)}) (9. Nd2 $5 e5 10. Re1 Nbd7 11. e4 cxd4 $6 12. cxd4 exd4 13. Ba3 Ne5 14. Qb3 Nfd7 15. f4 Nc6 16. e5 Nc5 17. Qf3 $14 {0-1 Kindermann,S (2455)-Kuzmin,G (2545)/Dortmund 1981/MCD (32)}) ({RR} 9. Bg5 Nbd7 10. Qd3 h6 11. Bxf6 Nxf6 12. Rfd1 Bd7 13. dxc5 dxc5 14. Ne5 Ba4 15. Qd6 Rfe8 16. Rd2 Rac8 17. Rb1 b6 18. Rbb2 Qxd6 19. Rxd6 Red8 20. Rd3 Kf8 21. Rbd2 {½-½ (21) Georgiev,K (2677)-Anand,V (2803) Turin 2006}) 9... dxc5 10. Ne5 $6 {This knight route is hardly the best.} (10. Bf4 $5 Rd8 11. Qb3 Nc6 12. Rfd1 Rxd1+ 13. Rxd1 e5 14. Bg5 Be6 15. Nd2 Bf5 (15... Rd8 $5) 16. Nf1 $1 Rd8 17. Rxd8+ Nxd8 18. Ne3 Be6 19. Qa4 $16 {1/2 Dvirnyy,D (2457)-Leniart,A (2423)/Chotowa 2010/CBM 137 Extra (56)}) 10... Qc7 $146 (10... Nbd7 $5 11. Nd3 (11. Nxd7 Nxd7 {[%cal Ya8b8,Yb7b6]}) 11... e5 {[%csl Rd3]} 12. Qb3 Rb8 {[%cal Yb7b6]}) ({RR} 10... Nbd7 11. Nxd7 Nxd7 12. Qb3 Rb8 13. Rd1 b6 14. Qa4 Nf6 15. Bg5 e5 16. Rd2 Bf5 17. Rad1 h6 18. Bxf6 gxf6 19. Bc6 Rfd8 20. Bd7 Be6 21. Bxe6 Rxd2 22. Rxd2 Qxe6 23. Qxa7 Rf8 24. Rd5 Kg7 25. e3 {Ramanna,H-Leenders,R Netherlands 1994 1-0 (40)}) 11. Bf4 (11. Nd3 Nbd7 {[%cal Ya8b8,Yb7b6]} 12. Qa4 a6) 11... Nh5 {White now loses his bishop pair, and his destroyed pawn structure will be quite painful. Therefore he goes in for a risky piece sacrifice.} 12. Qd2 $6 {[%mdl 512]} (12. e3 {was a quiet alternative:} Nxf4 13. exf4 Nd7 14. Nd3 {The activity of White's pieces should be enough for equality.}) 12... g5 13. Bxg5 Qxe5 14. Rad1 $6 (14. g4 $142 Ng7 15. Rad1 (15. Bd8 {[%cal Rf2f4]} Nc6 $1 {liquidates into a favorable ending for Black:} 16. f4 Rxd8 17. Qxd8+ Nxd8 18. fxe5 Bd7 $17) 15... Nd7 16. e4 $44 {Theoretically Black should consolidate his position but it is not an easy task in practice!}) 14... f6 15. Bh6 Ng7 16. Bf4 Qh5 {White's pieces are very active but he has no real target. Black gradually completes his development keeping - at least partly - his material advantage.} 17. Bd6 Re8 18. Qf4 Nd7 19. g4 Qf7 20. Rd3 e5 21. Qh6 Qg6 22. Qxg6 hxg6 $19 {After the queen exchange the rest looks relatively easy; still, Black has to overcome some technical problems.} 23. Be4 Kf7 (23... Nb6 $142 $1 $19 24. Bxg6 $140 Bxg4 25. Bxe8 Bxe2 26. Bg6 Bxd3 27. Bxd3 Rd8 {K.Sakaev}) 24. f4 exf4 25. Bd5+ Ne6 26. Bxf4 Nb6 $6 {This move gives White an unpleasant attack.} (26... Kg7 $1 27. Re3 Nb6 $19 {K.Sakaev}) 27. Be5 Nxd5 (27... Nd7 28. Bxf6 $1 Nxf6 29. g5) 28. cxd5 Nf8 (28... Nf4 $5 29. Bxf4 Bxg4 {, then winning the e2 pawn, was safe and simple but opposite-coloured bishops gave White some drawing chances.}) 29. Rxf6+ Kg8 30. Bd6 Kg7 31. Rf4 g5 32. Rf2 b6 (32... Ng6 $144 33. h3 (33. Rdf3 Bxg4 34. Rf7+ Kh6 35. Rxb7 Bxe2 36. Rff7 Rh8 {, and Black should win.}) 33... b6 34. Rdf3 Ba6 35. Rf7+ Kh6) 33. Rdf3 Ng6 34. Rf7+ Kh6 35. h3 (35. R2f6 $5 Bxg4 36. e4 Rxe4 37. Bf8+ Rxf8 38. Rxf8 Bh3 $1 39. Rh8+ (39. Kf2 Kh5 $1) 39... Kg7 40. Rxg6+ Kxg6 41. Rxh3 {The rook ending is better for Black but still far from winning.}) 35... Ba6 36. R2f6 Bxe2 37. Be7 $1 (37. Kf2 Bc4 38. h4 $1 Re2+ 39. Kf3 Bxd5+ 40. Kxe2 Bxf7 41. Rxf7 gxh4 $17 {K.Sakaev}) 37... Bc4 38. Rd6 Bxd5 $6 {Nothing was really threatened, so Black could have started moving his pawns:} (38... b5 $17 {e.g.} 39. Kf2 a5 40. Kg3 {now threatening 41.xg5+! xg5 42.h4+!} Bd3 $1 {[%cal Yb5b4]}) 39. Bxg5+ Kxg5 40. Rxd5+ Kh4 41. Rf3 $2 {White collapses when salvation is not far away.} (41. Kg2 $1 Re2+ $1 (41... Re5 42. Rxe5 Nxe5 43. Rf5 Nxg4 44. Rf4 $1 {- the simplest -} Rg8 45. hxg4 Rxg4+ 46. Kf3 Rxf4+ 47. Kxf4 $11) (41... Rh8 $4 42. Rff5) 42. Kf3 Re5 43. Rh7+ Kg5 44. h4+ $1 Kf6 (44... Nxh4+ $2 45. Rxh4 Rxd5 46. Rh5+) 45. Rd6+ Re6 46. g5+ Ke5 47. Rxe6+ Kxe6 48. h5 {(indicated by GM K.Sakaev)} Ne7 49. Kg4 {with excellent drawing chances due to his strong passed pawns. A possible line:} Rf8 50. h6 Ng6 51. Rg7 Ne5+ 52. Kg3 $1 Kf5 53. h7 Ng6 (53... Rh8 54. Kh4) 54. Rg8 Rf7 $8 55. Rxg6 Rxh7 56. Rg8 {, and White should not lose.}) 41... Re5 $1 42. Rxe5 (42. Rd6 Rf8 $1) 42... Nxe5 43. Rf5 Nd3 44. Kh2 Rh8 $19 {Black's rook is tied up but he has enough pieces and pawns to decide the game on the queenside.} 45. a4 Rh6 46. Kg2 a5 47. Kf3 Nb2 48. Kf4 Nxa4 49. c4 Nc3 50. Ke3 a4 51. Kd3 Nd1 52. Rf8 Kxh3 53. g5 Rd6+ 54. Ke4 Kg4 0-1

[Event "Tata Steel-A 73rd"]
[Site "Wijk aan Zee"]
[Date "2011.01.21"]
[Round "6"]
[White "L'Ami, Erwin"]
[Black "Nakamura, Hikaru"]
[Result "0-1"]
[WhiteElo "2628"]
[BlackElo "2751"]
[Annotator "ChessBase"]
[PlyCount "86"]
[EventDate "2011.01.14"]
[EventType "tourn"]
[EventRounds "13"]
[EventCountry "NED"]
[EventCategory "20"]
[SourceTitle "CBM 141"]
[Source "ChessBase"]
[SourceDate "2011.03.17"]
[SourceVersion "1"]
[SourceVersionDate "2011.03.17"]
[SourceQuality "1"]

1. d4 Nf6 2. c4 e6 3. Nc3 Bb4 4. Qc2 O-O 5. a3 Bxc3+ 6. Qxc3 b5 7. cxb5 c6 8. Bg5 cxb5 9. e3 Bb7 10. Nf3 h6 11. Bh4 a6 ({RR} 11... g5 12. Bg3 Ne4 13. Qd3 a6 14. Nd2 f5 15. Rc1 Nxg3 16. hxg3 Kg7 17. Qc3 Qc8 18. Qxc8 Rxc8 19. Rxc8 Bxc8 20. Bd3 Ra7 21. e4 Rc7 22. O-O fxe4 23. Nxe4 Bb7 24. Nd6 Kf8 25. f4 Ke7 26. Nxb7 {Dreev,A (2654)-Naiditsch,A (2708) Warsaw 2012 1-0 (51)}) ({RR} 11... Nc6 12. Bxf6 Qxf6 13. Bxb5 Ne7 14. Be2 Be4 15. Qc7 Rfc8 16. Qe5 Qg6 17. Nh4 Qh7 18. O-O Rc2 19. Bf3 d5 20. Bxe4 Qxe4 21. Nf3 Rxb2 22. Rfc1 Ng6 23. Qxe4 dxe4 24. Ne5 Nxe5 25. dxe5 Rd8 26. Rd1 {Papasimakopoulos,A (2409)-Chigaev,M (2616) chess.com INT 2023 0-1 (42)}) 12. Bd3 d6 13. O-O Nbd7 14. Rfc1 $146 ({RR} 14. Bg3 Rc8 15. Qb4 Nd5 16. Qd2 N7b6 17. e4 Nf6 18. Bh4 e5 19. Rfe1 Nc4 {½-½ (19) Lang,M (2320)-Berezovsky,I (2375) Wuerttemberg 1999}) ({RR} 14. Qb4 Qb6 15. Bg3 Be4 16. Be2 Rfc8 17. Rfc1 Rc6 18. Rxc6 Qxc6 19. Ne1 e5 20. dxe5 dxe5 21. Rd1 Rc8 22. Qd6 Qxd6 23. Rxd6 Rc1 24. f3 Bc6 25. Kf2 e4 26. Rd2 Nc5 27. Rc2 Nb3 28. Bf1 Nd7 {Antonsen,M (2467)-Bekker Jensen,S (2445) Skorping 2014 1-0 (68)}) 14... Qb6 15. Qc7 (15. Bg3 Nh5 16. Qc7 Nxg3 17. Qxd7 Nh5 18. Qc7 Qxc7 19. Rxc7 Rab8 20. Rac1 Nf6 21. Nd2 Rfc8 22. Nb3 Kf8 23. Na5 Ne8 24. R7c3 Ke7 25. f3 Kd7 26. Kf2 Rc7 27. e4 Ba8 28. Ke3 Rbc8 29. Rxc7+ Nxc7 {1/2-1/2 Wang Yue (2689)-Mamedyarov, S (2752)/Baku 2008/CBM 124 (48)}) 15... Rfc8 16. Qxb6 Nxb6 17. Bg3 Rxc1+ 18. Rxc1 Rc8 19. Rxc8+ Nxc8 20. h3 Ne4 21. Bh2 Kf8 22. Ne1 {#This imprecision may seem almost innocuous, but it allows Hikaru to his opponent far more trouble than you'd think. The problem stems simply from two immediate factors, the white squares on the queenside and Black's numerical advantage. With the white king temporarily restrained and the bishop locked away on h2, it is a 3-2 fight.} Nd2 $1 23. f3 f5 24. Nc2 Ke7 25. Kf2 Nb6 26. Ke2 Nb3 27. Nb4 Na5 28. Bc2 Nac4 29. Nd3 a5 30. Bg3 Nd5 31. Bf2 g5 32. g4 {#} a4 $1 {Inch by inch Nakamura has been weeding his way in and gaining space on both sides of the board. By fixing the panws on a3-b2, he not only robs the biship of a square, but not forces L'Ami to constantly check tactics there as the sacrificial motifs abound.} 33. e4 fxe4 34. fxe4 Ndb6 {#There is only one way to avoid losing, can you find it? It is not easy frankly, and no doubt the Dutch GM was also short of time.} 35. e5 $2 {Alas this doesn't do it, and Kf3 fails to Nd2+.} ({The move is} 35. d5 $1 {The idea is that after} exd5 {White has the resource} 36. e5 $3 dxe5 37. Nxe5 $1 Nxe5 38. Bxb6 {and White's bishop pair combined with Black's bad bishop compensates the extra pawn. After the bishop goes to d4 there will be no chance of winning as Bg7 will always be threatened.}) 35... Be4 36. exd6+ Kxd6 37. Bg3+ Ke7 38. Kd1 Bxd3 39. Bxd3 Nxb2+ 40. Ke2 Nd5 41. Be4 (41. Bxb5 Nc3+) 41... Nc3+ 42. Kf3 b4 43. Be1 Nbd1 0-1

[Event "CCT Final Playoff 2023"]
[Site "Toronto CAN"]
[Date "2023.12.12"]
[Round "7.2"]
[White "Lazavik, Denis"]
[Black "Nakamura, Hi"]
[Result "0-1"]
[WhiteElo "2566"]
[BlackElo "2788"]
[PlyCount "114"]
[EventDate "2023.12.09"]

1. d4 Nf6 2. c4 e6 3. Nc3 Bb4 4. e3 O-O 5. Bd3 c5 6. Nge2 d5 7. cxd5 cxd4 8. exd4 Nxd5 9. O-O Nc6 10. Bc2 Bd6 11. Nxd5 exd5 12. Bf4 Bg4 13. f3 Bh5 14. Bxd6 Qxd6 15. Qd2 Bg6 16. Bb3 f6 17. Rac1 Bf7 18. Ba4 Ne7 19. Nc3 $146 ({RR} 19. Rc5 Nc8 20. Bb3 Nb6 21. Qf4 Qe7 22. Ng3 g5 23. Qd2 Nc4 24. Bxc4 dxc4 25. Re1 Qd7 26. Ne4 Bg6 27. Rxc4 Rad8 28. Nc3 Bf7 29. d5 b5 30. Rd4 a6 31. d6 Rde8 32. Rxe8 Rxe8 33. Ne4 Kg7 {Stinka,J (2345)-Dubinski,M (2211) Pardubice CZE 2024 1-0 (37)}) 19... a6 20. Rfe1 Nc8 21. Bc2 Nb6 22. b3 Rfe8 23. Ne2 Nd7 24. Ng3 g6 25. Nf1 Rxe1 26. Rxe1 Re8 27. Rxe8+ Bxe8 28. Ne3 Bf7 29. Qc3 Kg7 30. a4 Nb8 31. Bd3 Nc6 32. Nc2 Be8 33. g3 Bd7 34. Kf2 Kf7 35. a5 Ke7 36. b4 Nd8 37. Qd2 Kf7 38. h4 Kg7 39. Qc3 Ba4 40. Ne3 Nc6 41. Bc2 Bb5 42. Bb1 Qxb4 43. Qxb4 Nxb4 44. Nc2 Nc6 45. Ba2 Bc4 46. Bxc4 dxc4 47. Ke3 Nxa5 48. d5 Nb3 49. Ke4 Kf7 50. f4 b5 51. f5 gxf5+ 52. Kxf5 a5 53. d6 c3 54. Ke4 Ke6 55. Kd3 b4 56. Kc4 Nd2+ 57. Kb5 Kxd6 0-1

[Event "Dortmund SuperGM 39th"]
[Site "Dortmund"]
[Date "2011.07.22"]
[Round "2"]
[White "Le, Quang Liem"]
[Black "Nakamura, Hikaru"]
[Result "1/2-1/2"]
[WhiteElo "2715"]
[BlackElo "2770"]
[PlyCount "44"]
[EventDate "2011.07.21"]
[EventType "tourn"]
[EventRounds "10"]
[EventCountry "GER"]
[EventCategory "20"]
[SourceTitle "CBM 144"]
[Source "ChessBase"]
[SourceDate "2011.09.16"]
[SourceVersion "1"]
[SourceVersionDate "2011.09.16"]
[SourceQuality "1"]

1. d4 {Krasenkow,Michal} Nf6 2. c4 e6 3. Nc3 Bb4 4. f3 c5 5. d5 O-O 6. e4 d6 7. Bd2 Re8 ({RR} 7... Nbd7) ({RR} 7... Nh5 8. g3 f5 9. exf5 exf5 10. Nh3 Nd7 11. Be2 f4 12. g4 Ne5) 8. Nge2 a6 9. a4 ({RR} 9. Nf4 e5 10. Nfe2 Nh5 11. g3 f5 12. Bg2 Nf6 13. Qc2 fxe4 14. fxe4 Rf8 15. O-O Bg4 16. Rf2 Nbd7 17. Raf1 Qe7 18. Nd1 Bxe2 19. Rxe2 Bxd2 20. Qxd2 b5 21. Ne3 g6 22. Ref2 Qg7 23. Qa5 Qh6 {Shivamshika G (1803)-Chitlange,S (2211) Ahmedabad IND 2025 ½-½ (41)}) 9... exd5 10. cxd5 Nh5 $146 ({RR} 10... Nbd7 11. Ng3 Ne5 ({RR} 11... c4 12. Bxc4 Ne5 13. Qe2 Nxc4 ({RR} 13... Bc5) 14. Qxc4 Bc5 15. b4 b5 16. Qd3 Bxb4 17. axb5 Bc5 18. Be3) ({RR} 11... Rb8 12. Be2 Ne5 13. O-O c4 14. Kh1 ({RR} 14. Be3) 14... b5 15. axb5 axb5 16. Bg5 h6 17. Be3 Ned7 18. Nf5 Bc5 19. Nd4 Ne5 20. Qd2 Bd7 21. Rfe1 Qb6 22. Nc2 Bxe3 23. Nxe3) 12. Be2 c4 13. Be3 ({RR} 13. O-O Nfd7 14. Kh1 Nc5 15. Be3 Qa5 16. Qc2 Bd7 17. Bxc5 Qxc5 18. f4 Nd3 19. Bxd3 cxd3 20. Qxd3 Rac8 21. Rac1 Qc4 22. Qf3 Qb3) 13... Bd7 14. O-O Rc8 ({RR} 14... h5 15. Qd2 h4 16. Nh1 Qa5 17. Nf2 Bc5 18. Bg5) 15. Kh1 Ba5 16. Bd4 h6 ({RR} 16... Bb6 17. Qd2 ({RR} 17. f4 Nd3)) 17. f4 Ng6 18. Qc2 Bb6 19. Bxb6 Qxb6 20. Nh5 Nxh5 ({RR} 20... Ng4 21. Bxg4 Bxg4 22. Ng3) 21. Bxh5 Qd8 22. a5 Rc5 23. e5 dxe5 24. Bxg6 fxg6 25. Qxg6 {Le,Q (2723)-Predojevic,B (2642) Baku 2016 CBM 175 [Krasenkow,Michal] 1-0 (52)}) 11. g3 f5 ({RR} 11... Nd7 12. Bg2 Ne5) 12. Bg2 fxe4 13. Nxe4 Nf6 14. Bxb4 cxb4 15. Qd2 Nxe4 16. fxe4 a5 17. Nd4 Na6 18. O-O Nc5 19. Qf4 Nd3 20. Qd2 Nc5 21. Qf4 Nd3 22. Qd2 Nc5 1/2-1/2